Whose goals, whose aspirations?: learning to teach underprepared writers across the curriculum
Saved in:
| Main Authors: | , |
|---|---|
| Format: | Bog |
| Sprog: | engelsk |
| Udgivet: |
Logan
Utah State University
2002
|
| Fag: | |
| Tags: |
Tilføj Tag
Ingen Tags, Vær først til at tagge denne postø!
|
MARC
| LEADER | 00000nam a2200000 a 4500 | ||
|---|---|---|---|
| 001 | UCL6083 | ||
| 003 | CL-VaPUC | ||
| 008 | 040326e20020000us |||||||||||||||||eng|d | ||
| 020 | |a 0874214475 | ||
| 082 | 0 | 4 | |a 808.042 |b FIS |2 21 |
| 100 | 0 | |a Fishman, Stephen M |e author |9 483828 | |
| 700 | 0 | |a McCarthy, Lucille |e author |9 483829 | |
| 245 | 1 | 0 | |a Whose goals, whose aspirations?: learning to teach underprepared writers across the curriculum |
| 300 | |a 224 p | ||
| 942 | |c BK | ||
| 945 | |d 20040326 00:00:00 |a cmena | ||
| 260 | |a Logan |b Utah State University |c 2002 | ||
| 650 | 7 | |a LENGUAJE INGLES |2 CL-VaPUC |9 454942 | |
| 650 | 0 | |a Retórica |9 266620 | |
| 650 | 0 | |a Métodos de enseñanza |9 270413 | |
| 650 | 0 | |a Lenguaje y cultura |9 311851 | |
| 651 | 0 | |a Estados Unidos |9 255178 | |
| 583 | |a last modification |c 20171221 11:28:17 |k Rodrigo Vera | ||
| 999 | |c 308356 |d 308354 | ||
| 952 | |0 0 |1 0 |4 0 |6 808_042000000000000_FIS_2002 |7 0 |8 A |9 374797 |a FDOPOS |b FDOPOS |d 2019-11-21 |i 4000331 |o 808.042 FIS 2002 |p 4000331 |r 2025-01-22 |w 2019-11-21 |y BK |k MLA | ||